[Event "Valasska Bystrice op"]
[Site "Valasska Bystrice"]
[Date "2016.09.17"]
[Round "9"]
[White "Adamcik, David"]
[Black "Oktavec, Ivan"]
[Result "0-1"]
[WhiteElo "1578"]
[BlackElo "1633"]
[PlyCount "66"]
[EventDate "2016.09.10"]
[EventType "swiss"]
[EventRounds "9"]
[EventCountry "CZE"]
[SourceTitle "CBM 174 Extra"]
[Source "ChessBase"]
[SourceDate "2016.10.10"]
[SourceVersion "1"]
[SourceVersionDate "2016.10.10"]
[SourceQuality "1"]

1. d4 Nf6 2. c4 g6 3. Nc3 e6 4. e4 d6 5. f3 Nbd7 6. Be3 Bg7 7. Bd3 0-0 8. Nge2 c6 9. 0-0 e5 10. d5 Ne8 11. Ng3 Nc5 12. Bc2 f5 13. f4 exf4 14. Bxf4 Qb6 15. Rb1 Nxe4+ 16. Kh1 Nf2+ 17. Rxf2 Qxf2 18. Nge2 Qb6 19. dxc6 bxc6 20. Bxd6 Nxd6 21. Qxd6 Rd8 22. Qg3 Be6 23. Bb3 Qc5 24. Na4 Qa5 25. Nf4 Bf7 26. Nd3 Rd4 27. Ndc5 Qd2 28. Qc3 Qg5 29. Qf3 Re8 30. Qxc6 Qd2 31. h3 Re1+ 32. Rxe1 Qxe1+ 33. Kh2 Be5+ 0-1

[Event "Valasska Bystrice op"]
[Site "Valasska Bystrice"]
[Date "2016.09.11"]
[Round "3"]
[White "Adamcik, David"]
[Black "Ruzicka, Vaclav"]
[Result "1-0"]
[WhiteElo "1578"]
[BlackElo "1673"]
[PlyCount "83"]
[EventDate "2016.09.10"]
[EventType "swiss"]
[EventRounds "9"]
[EventCountry "CZE"]
[SourceTitle "CBM 174 Extra"]
[Source "ChessBase"]
[SourceDate "2016.10.10"]
[SourceVersion "1"]
[SourceVersionDate "2016.10.10"]
[SourceQuality "1"]

1. d4 Nf6 2. c4 d6 3. Nc3 Nbd7 4. e4 e5 5. d5 Nc5 6. f3 a5 7. Nge2 Be7 8. Ng3 0-0 9. Be3 Nfd7 10. Be2 Bg5 11. Qd2 Bxe3 12. Qxe3 Qh4 13. 0-0 Qf4 14. Qxf4 exf4 15. Nf5 Re8 16. Nb5 Na6 17. a3 Ne5 18. Nfd4 Bd7 19. Rfb1 Bxb5 20. Nxb5 Red8 21. Nd4 Nc5 22. b4 axb4 23. axb4 Na4 24. Bf1 g6 25. Rc1 Nb2 26. Rxa8 Rxa8 27. Nb5 Rc8 28. c5 Nbd3 29. Bxd3 Nxd3 30. Rc4 Ra8 31. h3 dxc5 32. bxc5 c6 33. Nd6 Ra1+ 34. Kh2 Rb1 35. Nc8 Kf8 36. d6 Ke8 37. Nb6 Ne5 38. Ra4 f6 39. Ra8+ Kf7 40. Rb8 Rd1 41. Rxb7+ Ke6 42. Re7# 1-0

[Event "Valasska Bystrice op"]
[Site "Valasska Bystrice"]
[Date "2016.09.11"]
[Round "2"]
[White "Slanicay, Gabriel"]
[Black "Adamcik, David"]
[Result "1-0"]
[WhiteElo "1702"]
[BlackElo "1578"]
[PlyCount "65"]
[EventDate "2016.09.10"]
[EventType "swiss"]
[EventRounds "9"]
[EventCountry "CZE"]
[SourceTitle "CBM 174 Extra"]
[Source "ChessBase"]
[SourceDate "2016.10.10"]
[SourceVersion "1"]
[SourceVersionDate "2016.10.10"]
[SourceQuality "1"]

1. e4 c6 2. d4 d5 3. Nc3 dxe4 4. Nxe4 Bf5 5. Ng3 Bg6 6. Nf3 Nd7 7. Bd3 Bxd3 8. Qxd3 e6 9. 0-0 Ngf6 10. Re1 Bd6 11. Nf5 Bf8 12. Qb3 Qc7 13. Ng5 Nd5 14. c4 N5f6 15. Qe3 Nb6 16. Nxe6 fxe6 17. Qxe6+ Kd8 18. Bg5 Qd7 19. Bxf6+ Kc8 20. Qe8+ Qxe8 21. Rxe8+ Kd7 22. Rxa8 Nxa8 23. Bxg7 Bxg7 24. Nxg7 Rg8 25. Nf5 Nb6 26. b3 Rg5 27. Ng3 Rg4 28. Rd1 Rg5 29. Ne4 Rg6 30. Nc5+ Kc7 31. Re1 Nc8 32. Ne6+ Kd6 33. c5+ 1-0

[Event "Valasska Bystrice op"]
[Site "Valasska Bystrice"]
[Date "2016.09.10"]
[Round "1"]
[White "Adamcik, David"]
[Black "Hubeny, Pavel"]
[Result "0-1"]
[WhiteElo "1578"]
[BlackElo "1905"]
[PlyCount "92"]
[EventDate "2016.09.10"]
[EventType "swiss"]
[EventRounds "9"]
[EventCountry "CZE"]
[SourceTitle "CBM 174 Extra"]
[Source "ChessBase"]
[SourceDate "2016.10.10"]
[SourceVersion "1"]
[SourceVersionDate "2016.10.10"]
[SourceQuality "1"]

1. d4 f5 2. c4 Nf6 3. Nc3 e6 4. e3 b6 5. Nf3 Bb7 6. Be2 Bb4 7. a3 Bxc3+ 8. bxc3 Ne4 9. Bb2 0-0 10. 0-0 d6 11. Bd3 Nd7 12. Bxe4 fxe4 13. Nd2 Qg5 14. Qc2 Nf6 15. a4 a5 16. Ba3 Rf7 17. Qb3 Ba6 18. h3 d5 19. Rfe1 Nd7 20. cxd5 exd5 21. c4 Qf5 22. Re2 Rc8 23. Rc1 g5 24. g4 Qg6 25. Ree1 Qf6 26. Rf1 c5 27. dxc5 Nxc5 28. Bxc5 Rxc5 29. Qc3 Qxc3 30. Rxc3 Bxc4 31. Nxc4 Rxc4 32. Rb3 Rc6 33. Rb5 Rd7 34. Rfb1 Rdd6 35. Rd1 Rc5 36. Rxc5 bxc5 37. Rb1 d4 38. exd4 cxd4 39. Rd1 Kf7 40. Kg2 Ke6 41. Kg3 Ke5 42. h4 h6 43. hxg5 hxg5 44. Rd2 Rc6 45. Kg2 Rc4 46. Ra2 Kf4 0-1

[Event "Valasska Bystrice op"]
[Site "Valasska Bystrice"]
[Date "2015.09.19"]
[Round "9"]
[White "Adamcik, David"]
[Black "Vasek, Rostislav"]
[Result "1-0"]
[WhiteElo "1552"]
[BlackElo "1616"]
[PlyCount "125"]
[EventDate "2015.09.12"]
[EventType "swiss"]
[EventRounds "9"]
[EventCountry "CZE"]
[SourceTitle "EXT 2016"]
[Source "ChessBase"]
[SourceDate "2015.10.08"]
[SourceVersion "1"]
[SourceVersionDate "2015.10.08"]
[SourceQuality "1"]

1. d4 d6 2. c4 Nf6 3. Nc3 g6 4. Bf4 Bg7 5. e3 0-0 6. Nf3 c6 7. Bd3 Nh5 8. Bg3 e5 9. dxe5 Nxg3 10. hxg3 dxe5 11. Qc2 Na6 12. a3 Nc5 13. 0-0-0 Nxd3+ 14. Qxd3 Qe7 15. Qd6 Qxd6 16. Rxd6 f6 17. Rhd1 Bg4 18. R1d2 Bxf3 19. gxf3 Rf7 20. Rd7 f5 21. Rxf7 Kxf7 22. Rd7+ Kf6 23. Rxb7 h5 24. Rd7 f4 25. Ne4+ Kf5 26. Rxg7 Rd8 27. Kc2 Rh8 28. Rxa7 h4 29. gxh4 Rxh4 30. Rf7+ Ke6 31. Rf6+ Kd7 32. Rxg6 Rh1 33. Rd6+ Kc7 34. Rd1 Rh4 35. b4 fxe3 36. fxe3 Rh2+ 37. Nd2 Rh3 38. a4 e4 39. Nxe4 Rxf3 40. Kd3 Rf8 41. Nc5 Rf7 42. Kc3 Rf3 43. Rd3 Rf1 44. Nb3 Rh1 45. a5 Rh7 46. Nc5 Kc8 47. Rd6 Rh3 48. Rxc6+ Kb8 49. Kd4 Rh5 50. e4 Rh8 51. e5 Rd8+ 52. Rd6 Rh8 53. Kd5 Rh5 54. b5 Kc8 55. b6 Rh7 56. a6 Re7 57. a7 Rxe5+ 58. Kd4 Rd5+ 59. Kc3 Rd3+ 60. Nxd3 Kb7 61. Rh6 Ka8 62. Rh8+ Kb7 63. a8Q+ 1-0

[Event "Valasska Bystrice op"]
[Site "Valasska Bystrice"]
[Date "2014.09.14"]
[Round "3"]
[White "Adamcik, David"]
[Black "Zlebcik, Ladislav"]
[Result "0-1"]
[WhiteElo "1540"]
[BlackElo "1900"]
[PlyCount "24"]
[EventDate "2014.09.13"]
[EventType "swiss"]
[EventRounds "9"]
[EventCountry "CZE"]
[SourceTitle "CBM 162 Extra"]
[Source "ChessBase"]
[SourceDate "2014.10.17"]
[SourceVersion "1"]
[SourceVersionDate "2014.10.17"]
[SourceQuality "1"]

1. d4 d5 2. Nf3 Nf6 3. Bg5 e6 4. e3 c6 5. c4 Bb4+ 6. Nc3 Nbd7 7. a3 Bxc3+ 8. bxc3 Qa5 9. Qb3 Ne4 10. Rc1 Nxg5 11. Nxg5 dxc4 12. Bxc4 Qxg5 0-1